Domaines de l'Empire Angevin en 1166 sur une Carte - Statistiques

Statistiques générales
  • Ce quiz a été pris 32 fois
  • Le résultat moyen est 9 sur 14
Réponses sur la Carte
Les réponses sont colorées sur une échelle allant du rouge au vert en fonction du pourcentage des utilisateurs qui les ont devinées à leur premier essai. Vous pouvez retrouver ces pourcentages ci-dessous.
 
Statistiques - réponses
Réponse % Correct
Bretagne
100%
Normandie
100%
Aquitaine
95%
Angleterre
76%
Poitou
71%
Anjou
62%
Auvergne
62%
Maine
62%
Gascogne
57%
Touraine
43%
Berry
38%
La Marche
38%
Périgord
38%
Limoges
29%
Aucun quiz correspondant
Distribution des résultats
% des personnes avec chaque résultat
Percentile par nombre de réponses
Votre historique - résultats
Vous n’avez pas pris ce quiz